LIBRARY & INFORMATION CENTRE, KCAET, TAVANUR

ONLINE PUBLIC ACCESS CATALOGUE (OPAC)

Processing and perservation of tropical and subtropical foods / (Record no. 3747)

MARC details
000 -LEADER
fixed length control field 00375cam a2200145ua 4500
003 - CONTROL NUMBER IDENTIFIER
control field OSt
008 - FIXED-LENGTH DATA ELEMENTS--GENERAL INFORMATION
fixed length control field 240123b |||||||| |||| 00| 0 eng d
041 ## - LANGUAGE CODE
Language code of text/sound track or separate title eng
082 ## - DEWEY DECIMAL CLASSIFICATION NUMBER
Classification number 664.02
Item number KOR/PR
100 ## - MAIN ENTRY--AUTHOR NAME
Personal name Koraylas, Maud J .
245 ## - TITLE STATEMENT
Title Processing and perservation of tropical and subtropical foods /
260 ## - PUBLICATION, DISTRIBUTION, ETC. (IMPRINT)
Place of publication :
Name of publisher ELBS ,
Year of publication 1991.
300 ## - PHYSICAL DESCRIPTION
Number of Pages 414 ; .
942 ## - ADDED ENTRY ELEMENTS (KOHA)
Koha item type Books
Holdings
Withdrawn status Lost status Damaged status Home library Current library Shelving location Date acquired Full call number Accession Number Koha item type
      KAUAET KAUAET General Stacks 07/04/2012 664.02 20225 Books
free website counter